Statistics for capitols of america

Click here to take the quiz!

General Stats

  • This quiz has been taken 402 times
  • The average score is 7 of 15

Answer Stats

HintAnswer% Correct
coloradodenver
86%
texaxaustin
84%
hawaiihonolulu
66%
massathchuttesboston
60%
utahsalt lake city
60%
new yorkalbany
58%
delawaredover
58%
virginiarichmond
43%
californiasacremento
41%
maineaugusta
39%
washingtonolympia
36%
north carolinaraliegh
13%
south carolinacolumbus
12%
indianaindianappolis
6%
alaskajeuneu
0%

Score Distribution

Percentile by Number Answered

Percent of People with Each Score

Your Score History

You have not taken this quiz